Ocurro
Salvato in:
| Autore principale: | |
|---|---|
| Natura: | Libro |
| Lingua: | spagnolo |
| Pubblicazione: |
Valparaíso
Centro Cultural Playa Ancha
1999
|
| Soggetti: | |
| Tags: |
Aggiungi Tag
Nessun Tag, puoi essere il primo ad aggiungerne!!
|
MARC
| LEADER | 00000nam a2200000 a 4500 | ||
|---|---|---|---|
| 001 | UCL7483 | ||
| 003 | CL-VaPUC | ||
| 008 | 040520e19990000CL |||||||||||||||||spa|d | ||
| 082 | 0 | 4 | |a Ch861 |b BAN |2 21 |
| 100 | 0 | |a Banda Pérez, Alejandro Xavier |e author |9 485329 | |
| 245 | 1 | 0 | |a Ocurro |
| 300 | |a pág. irreg | ||
| 942 | |c BK | ||
| 945 | |d 20040520 00:00:00 |a cmena | ||
| 260 | |a Valparaíso |b Centro Cultural Playa Ancha |c 1999 | ||
| 650 | 0 | |a Literatura chilena |9 308278 | |
| 650 | 0 | |a Poesías chilenas |9 265280 | |
| 583 | |a last modification |c 20040520 00:00:00 |k Rodrigo Vera | ||
| 999 | |c 309199 |d 309197 | ||
| 952 | |0 0 |1 0 |4 0 |6 CH_861_000000000000000_BAN_1999 |7 0 |8 A |9 376558 |a BIBEDU |b BIBEDU |c ES_NOD |d 2019-11-21 |i 4016505 |l 1 |o Ch861 BAN 1999 |p 4016505 |r 2023-08-21 |s 2023-08-21 |w 2019-11-21 |y BK |k BME | ||